000 01575cam a2200169 4500500
005 20260111091720.0
041 _afre
042 _adc
100 1 0 _aHeller, Karin
_eauthor
245 0 0 _aBro B., Les Paraboles, t. 1, La Tour Eiffel et le Bottin, Paris, Cerf / Edifa Mame, 2007, 22x15, 237 p., 15 €. ISBN 978-2-204-08385-0 ; t. 2, Le Clown et le Catéchisme, ibid., 241 p. ISBN 978-2-204-08380-5
260 _c2009.
500 _a63
520 _aLa formation sacerdotale doit non seulement promouvoir chez le candidat une familiarité avec la Bible, mais aussi lui apprendre à discerner la Parole de Dieu dans les Écritures, par une méthode analogue à celle des Exercices spirituels de saint Ignace (I). Par ailleurs, pareil discernement suppose l’engagement de la foi et le déploiement de la raison, capable de reconnaître la Parole de Dieu (II). Enfin, l’A. voit dans la doctrine des quatre sens la méthode rationnelle pour y parvenir.
520 _aThe priestly formation must aim at promoting in the candidate a familiarity with the Bible. It must also teach him to discern God’s Word in the Scriptures through a method akin to the ignatian method found in the Spiritual Exercises. Such a discernment which leads to recognise God’s Word relies both on faith and on reason... and usefully resorts to the four senses of Scripture.
786 0 _nNouvelle revue théologique | 131 | 1 | 2009-01-02 | p. 152e-155e | 0029-4845
856 4 1 _uhttps://shs.cairn.info/revue-nouvelle-revue-theologique-2009-1-page-152e?lang=fr&redirect-ssocas=7080
999 _c1621878
_d1621878